000 00651 a2200217 4500
001 63824
005 20260407155938.0
008 260407a1958 arg spa d
003 AR-UNSa-BCEJYS
040 _aAR-UNSa-BCEJYS
_bspa
_cAR-UNSa-BCEJYS
080 _a347.72
_xSociedades comerciales
245 1 0 _aTratado práctico de sociedades mercantiles
_pDesde el punto de vista contable, jurídico y fiscal
250 _a3a. ed.
264 1 _aBarcelona :
_bLabor
_c1958
300 _axx, 720 p.
_c22 cm.
041 _aspa
942 _cBK
590 _aniveau_biblio:m niveau_hierar:0
100 1 _aBatardon, Leon
700 1 _aGella, Agustín Vicente
999 _c8333
_d8333